análisis económico-financiero de la empresa : (Registro nro. 11452)
[ vista simple ]
| 000 -LEADER | |
|---|---|
| fixed length control field | 01056nam a2200217Ia 4500 |
| 003 - CONTROL NUMBER IDENTIFIER | |
| control field | OSt |
| 005 - DATE AND TIME OF LATEST TRANSACTION | |
| control field | 20210407092042.0 |
| 008 - FIXED-LENGTH DATA ELEMENTS--GENERAL INFORMATION | |
| fixed length control field | 210310s2011 ck a dg 000 0 spa d |
| 040 ## - CATALOGING SOURCE | |
| Original cataloging agency | CO-JMCR |
| Transcribing agency | CO-JMCR |
| 041 0# - LANGUAGE CODE | |
| Language code of text/sound track or separate title | spa |
| 082 04 - DEWEY DECIMAL CLASSIFICATION NUMBER | |
| Classification number | 657 / |
| Item number | R741a |
| Edition number | 23 |
| 100 1# - MAIN ENTRY--PERSONAL NAME | |
| Personal name | Rojo, Ramírez, Alfonso A. |
| Relator term | autor |
| 9 (RLIN) | 25556 |
| 245 #0 - TITLE STATEMENT | |
| Title | análisis económico-financiero de la empresa : |
| Remainder of title | Un análisis desde los datos contables / |
| Statement of responsibility, etc. | Alfonso A. Rojo Ramírez |
| 250 ## - EDITION STATEMENT | |
| Edition statement | 1ª. edición |
| 260 ## - PUBLICATION, DISTRIBUTION, ETC. | |
| Place of publication, distribution, etc. | Madrid : |
| Name of publisher, distributor, etc. | Ibergaceta publicaciones, |
| Date of publication, distribution, etc. | 2011 |
| 300 ## - PHYSICAL DESCRIPTION | |
| Other physical details | xi, 362 páginas : |
| Extent | Ilustraciones y graficas en blanco y negro ; |
| Dimensions | 24 cm. |
| 505 0# - FORMATTED CONTENTS NOTE | |
| Formatted contents note | El objetivo de la empresa u el análisis contable. -- Análisis de estados contables: objetivos y herramienta. -- La información contable: los estados contables pro-forma. -- Crecimiento de la empresa. -- Análisis de la rentabilidad de la empresa. -- Análisis de la solvencia de la empresa. -- Informe de análisis de la empresa. |
| 650 14 - SUBJECT ADDED ENTRY--TOPICAL TERM | |
| Topical term or geographic name entry element | Contabilidad |
| 9 (RLIN) | 25558 |
| 650 14 - SUBJECT ADDED ENTRY--TOPICAL TERM | |
| Topical term or geographic name entry element | Auditoria |
| 9 (RLIN) | 11306 |
| 942 ## - ADDED ENTRY ELEMENTS (KOHA) | |
| Source of classification or shelving scheme | Dewey Decimal Classification |
| Koha item type | Books |
| Withdrawn status | Lost status | Source of classification or shelving scheme | Damaged status | Not for loan | Home library | Current library | Shelving location | Date acquired | Source of acquisition | Full call number | Barcode | Date last seen | Copy number | Price effective from | Koha item type |
|---|---|---|---|---|---|---|---|---|---|---|---|---|---|---|---|
| Dewey Decimal Classification | Biblioteca Pública José María del Castillo y Rada | Biblioteca Pública José María del Castillo y Rada | General Stacks | Donación | 657 / R741a | 430013339 | 05/16/2024 | Ej.1 | 03/10/2021 | Books |